| 000 | 00628nam a2200181Ia 4500 | ||
|---|---|---|---|
| 003 | OSt | ||
| 005 | 20240509162619.0 | ||
| 008 | 210210b1956 xxu||||| |||| 00| 0 eng d | ||
| 040 | _cAL | ||
| 041 | _akan | ||
| 082 | _a853/364 | ||
| 100 |
_aRAJARAV (Kaivar) _9161710 _dರಾಜಾರಾವ್ ಕೈವಾರ್ |
||
| 245 |
_aAmmayyana atambamb mattu pramileya parliment: _bಅಮ್ಮಯ್ಯನ ಆಟಂಬಾಂಬ್ ಮತ್ತು ಪ್ರಮೀಳೆಯ ಪಾರ್ಲಿಮೆಂಟ್ |
||
| 260 |
_aBengaluru _bH N Rao Brothers _c1956 |
||
| 690 |
_aKannada Drama _9161711 |
||
| 906 | _a019639 | ||
| 942 |
_2ddc _cBK |
||
| 999 |
_c143773 _d143773 |
||